00553nam a22001817a 4500003000400000020001800004082001700022100002000039245002300059250000800082260004300090300000800133650001800141653002300159942001200182952016000194999001700354SGT a9781632422811 a615.83bM15C aCOOPER. CARSTEN aMUSCULAR DYSTROPHY a1ST aNEW JERSEYbFOSTER ACADEMIC PUB c2015 a335 aPHYSIOTHERAPY aMUSCULAR DYSTROPHY 2ddccBK 00102ddc40718MEDICALaFMbFMcREFd2022-09-12eABC DELHIg12218.00h$-149.00iSGTUl0o615.83 M15CpFM13226r2022-09-12 00:00:00w2022-07-27yBKk14815 c23305d23305